00363pab a2200121 454500008004000000100002400040245008800064260000900152300001300161362001100174650002200185773003400207180718b2014 xxu||||| |||| 00| 0 eng d aAlok Prasanna Kumar aTilting at the windmills (again): Should the Supreme Court legalise 'living wills'? c2014 ap.10-12. a23 Aug aMedical treatment aEconomic and Political Weekly